Consolas de PlayStation - Estadísticas

Estadísticas generales
  • Esta prueba ha sido intentada 68 veces
  • La puntuación promedio es 7 de 11
Estadísticas de respuestas
Año de publicación Consolas % Correcto
1994 PlayStation
100%
2000 PlayStation 2
100%
2006 PlayStation 3
100%
2013 PlayStation 4
100%
2020 PlayStation 5
100%
2004 PlayStation Portable
80%
2011 PlayStation Vita
65%
2018 PlayStation Classic
5%
1999 PocketStation
5%
2013 PlayStation TV
4%
2023 PlayStation Portal Hint
2%
No se encontraron pruebas coincidentes
Distribución de puntuación
Porcentaje de gente con cada puntuación
Porcentaje por número respondido
Historial de tus puntuaciones
No has intentado esta prueba.